Catálogo
Digital

Catálogo
Digital

Marketing : Enfoque América Latina : El marketing científico aplicado a latinoamérica (Record no. 13985)

MARC details
000 -CABECERA
campo de control de longitud fija 01643nam a2200325 4500
003 - IDENTIFICADOR DEL NÚMERO DE CONTROL
campo de control EC-UNACH
005 - FECHA Y HORA DE LA ÚLTIMA TRANSACCIÓN
campo de control 20251007083459.0
006 - CÓDIGOS DE INFORMACIÓN DE LONGITUD FIJA--CARACTERÍSTICAS DEL MATERIAL ADICIONAL
campo de control de longitud fija s||||gr|||| 00| 00
008 - DATOS DE LONGITUD FIJA--INFORMACIÓN GENERAL
campo de control de longitud fija 150116t9999 mx r gr 000 0 spa d
020 ## - NÚMERO INTERNACIONAL ESTÁNDAR DEL LIBRO
Número Internacional Estándar del Libro 978-607-32-0144-5
040 ## - FUENTE DE LA CATALOGACIÓN
Centro catalogador/agencia de origen EC-UNACH
Centro/agencia transcriptor EC-UNACH
041 ## - CÓDIGO DE LENGUA
Código de lengua del texto/banda sonora o título independiente spa
082 04 - NÚMERO DE LA CLASIFICACIÓN DECIMAL DEWEY
Número de edición 23
Número de clasificación 380.1
Número de documento/Ítem L011538
110 ## - ENTRADA PRINCIPAL--NOMBRE DE ENTIDAD CORPORATIVA
Nombre de entidad corporativa o nombre de jurisdicción como elemento de entrada Prentice Hall
245 ## - MENCIÓN DE TÍTULO
Título Marketing : Enfoque América Latina : El marketing científico aplicado a latinoamérica
250 ## - MENCIÓN DE EDICIÓN
Mención de edición Primera edición
264 ## - Producción, publicación, distribución, fabricación y copyright
Lugar de producción, publicación, distribución, fabricación México
Nombre del de productor, editor, distribuidor, fabricante Prentice Hall
Fecha de de producción, publicación, distribución, fabricación o copyright 2010
300 ## - DESCRIPCIÓN FÍSICA
Extensión 423 páginas
Otras características físicas Figuras
505 ## - NOTA DE CONTENIDO CON FORMATO
Nota de contenido con formato Capítulo 1. Introducción al marketing -- <br/>Capítulo 2. Características del mercado latinoamericano -- <br/>Capítulo 3. Comportamiento de los consumidores -- <br/>Capítulo 4. La investigación de marketing -- <br/>Capítulo 5. La mezcla de marketing y el producto -- <br/>Capítulo 6. La marca y el empaque -- <br/>Capítulo 7. El precio -- <br/>Capítulo 8. La comunicación con el público -- <br/>Capítulo 9. La distribución -- <br/>Capítulo 10. Las ventas -- <br/>Capítulo 11. Promoción -- <br/>Capítulo 12. Los modelos de análisis estratégico y el posicionamiento -- <br/>Capítulo 13. Estrategias competitivas -- <br/>Capítulo 14. Las aplicaciones del marketing a temas específicos.<br/><br/><br/>
650 ## - PUNTO DE ACCESO ADICIONAL DE MATERIA--TÉRMINO DE MATERIA
Término de materia o nombre geográfico como elemento inicial ORIENTACIÓN A LA PRODUCCIÓN
650 ## - PUNTO DE ACCESO ADICIONAL DE MATERIA--TÉRMINO DE MATERIA
Término de materia o nombre geográfico como elemento inicial PABLACIÓN URBANA Y RURAL
650 ## - PUNTO DE ACCESO ADICIONAL DE MATERIA--TÉRMINO DE MATERIA
Término de materia o nombre geográfico como elemento inicial INVESTIGACIÓN DE MARKETING
650 ## - PUNTO DE ACCESO ADICIONAL DE MATERIA--TÉRMINO DE MATERIA
Término de materia o nombre geográfico como elemento inicial COMUNICACIÓN DE MARKETING
700 ## - PUNTO DE ACCESO ADICIONAL--NOMBRE DE PERSONA
Nombre de persona Arellano Cueva, Rolando
942 ## - ELEMENTOS DE PUNTO DE ACCESO ADICIONAL (KOHA)
Tipo de ítem Koha Libros
Fuente del sistema de clasificación o colocación Clasificación Decimal Dewey
999 ## - NÚMEROS DE CONTROL DE SISTEMA (KOHA)
Koha biblionumber 13985
Holdings
Estado de pérdida Fuente del sistema de clasificación o colocación Estado dañado No para préstamo Localización permanente Ubicación/localización actual Ubicación en estantería Fecha de adquisición Fuente de adquisición Número de inventario Total de préstamos Signatura topográfica completa Código de barras Fecha visto por última vez Número de copia Precio válido a partir de Tipo de ítem Koha Centro de costos
  Clasificación Decimal Dewey     Biblioteca Campus Norte Biblioteca Campus Norte Administración de Empresas 06/10/2025 Disposición Transitoria SEGUNDA. Resolución No. 0311-CU-UNACH-SE-ORD-16-09-2024 39932857   380.1 ARE L011538 L011538 06/10/2025 Ej: 01 06/10/2025 Libros  

Powered by Koha